Countries that Start with T - Shape Quiz - Statistics

General Stats
  • This quiz has been taken 31 times
  • The average score is 9 of 10
Answer Stats
Picture Answer % Correct
Tajikistan
92%
Turkey
92%
Turkmenistan
92%
Thailand
88%
Togo
88%
Trinidad and Tobago
84%
Tuvalu
84%
Tanzania
80%
Tonga
76%
Tunisia
76%
No matching quizzes found
Score Distribution
Percent of People with Each Score
Percentile by Number Answered
Your Score History
You have not taken this quiz